| 000 | 00679nam a2200229Ia 4500 | ||
|---|---|---|---|
| 003 | GCL | ||
| 008 | 140319s9999 xx 000 0 ara d | ||
| 040 |
_aGCL / _cGCL |
||
| 082 | 0 | 4 |
_a914.03565 _bم ق |
| 100 | 1 | _aمصطفى طلاس | |
| 245 | 1 | 0 |
_aقلعة الحصن: حصن الاكراد / _cمصطفى طلاس |
| 700 | 1 | _aمحمد وليد الجلاد | |
| 260 |
_a[S.N] : _bطلاس للدراسات والترجمة والنشر ، _c1990 |
||
| 300 | _a152ص | ||
| 490 | _a | ||
| 650 | 0 | 4 | _aسوريا |
| 650 | 0 | 4 | _aالجغرافيا |
| 650 | 0 | 4 | _aالاكراد |
| 650 | 0 | 4 | _aالاثار الشرقية |
| 650 | 0 | 4 | _aقلعة الحصن |
| 942 |
_2ddc _cBK |
||
| 999 |
_c35205 _d35205 |
||